| 000 | 00402cam a22001217a 4500 | ||
|---|---|---|---|
| 999 |
_c508307 _d508307 |
||
| 008 | 180718b1983 xxu||||| |||| 00| 0 eng d | ||
| 082 | _aB71103x5444 A | ||
| 100 |
_aKarnataka. Legislative Assembly _93554 |
||
| 245 | _aThe Karnataka zilla parishads, taluk panchayat samithis, mandal panchayats and nyaya panchayats act, 1983 | ||
| 260 |
_aBangalore _bThe author _c1983 |
||
| 300 | _a198+p. | ||
| 942 | _2ddc | ||